000 00457 a2200169 4500
003 OSt
005 20231223121800.0
008 231223b |||||||| |||| 00| 0 eng d
020 _a9789388434867
040 _coclc
082 _a891.431
_bGOV/J
100 _aGovind,
_910206
245 _aJWALAMUKHI /
_cGovind
260 _aNew Delhi:
_bVani Prakashan,
_c1995.
300 _a67p
942 _2ddc
_cBK
_h891.431
_iGOV/J
_k891.431
_mGOV/J
999 _c43547
_d43547